000 00369 a2200157 4500
001 151799
040 _cEscola São Tomás de Aquino
100 _aSMITH, Dick King
240 1 0 _aMeu monstro de estimação
_lpor
245 1 0 _aMeu monstro de estimação
300 _a111
362 0 _a2008
440 1 _aRecord LTDA
697 _a*LITERATURA JUVENIL
942 _cBK
999 _c151799
_d151799